Jarrett and another v Barclays Bank Plc and another; Jones and another v First National Bank Plc; Peacock and another v First National Bank Plc. (Record no. 51343)
[ view plain ]
| 000 -LEADER | |
|---|---|
| fixed length control field | 01376cab a2200253 4500 |
| 001 - CONTROL NUMBER | |
| control field | ABS57786 |
| 008 - FIXED-LENGTH DATA ELEMENTS--GENERAL INFORMATION | |
| fixed length control field | 090401t1997 xxu||||| |||| 00| 0 eng d |
| 035 ## - SYSTEM CONTROL NUMBER | |
| System control number | (Sirsi) u81497 |
| 041 ## - LANGUAGE CODE | |
| Language code of text/sound track or separate title | eng |
| 245 ## - TITLE STATEMENT | |
| Title | Jarrett and another v Barclays Bank Plc and another; Jones and another v First National Bank Plc; Peacock and another v First National Bank Plc. |
| 260 ## - PUBLICATION, DISTRIBUTION, ETC. | |
| Date of publication, distribution, etc. | 1997 |
| 350 ## - PRICE (NR) (BK AM CF MU VM SE) [OBSOLETE] | |
| Price | 0 |
| 490 ## - SERIES STATEMENT | |
| Series statement | Weekly Law Reports |
| Volume/sequential designation | [1997] 3 WLR 654-666(13) |
| 520 ## - SUMMARY, ETC. | |
| Summary, etc. | CA 31 October 1996. The plaintiffs (P) entered agreements to buy timeshare properties abroad using finance provided by the defendant banks. P claimed the vendors guilty of misrepresentation and breach of contract and commenced action against the banks. Banks applied to strike out actions on ground that proceedings had as their object tenancies of immovable property and therefore foreign courts had exclusive jurisdiction. In the first two actions the claims were struck out, but in the third the application to strike out was refused. Held, the P appeals in the first two actions were allowed, and the bank`s appeal in the third action was dismissed. |
| 650 ## - SUBJECT ADDED ENTRY--TOPICAL TERM | |
| Topical term or geographic name entry element | BANKS |
| 650 ## - SUBJECT ADDED ENTRY--TOPICAL TERM | |
| Topical term or geographic name entry element | CONSUMER CREDIT ACT 1974 |
| 650 ## - SUBJECT ADDED ENTRY--TOPICAL TERM | |
| Topical term or geographic name entry element | FINANCE |
| 650 ## - SUBJECT ADDED ENTRY--TOPICAL TERM | |
| Topical term or geographic name entry element | IMMOVABLE PROPERTY |
| 650 ## - SUBJECT ADDED ENTRY--TOPICAL TERM | |
| Topical term or geographic name entry element | MISREPRESENTATION |
| 650 ## - SUBJECT ADDED ENTRY--TOPICAL TERM | |
| Topical term or geographic name entry element | TIMESHARE PROPERTY |
| 690 ## - LOCAL SUBJECT ADDED ENTRY--TOPICAL TERM (OCLC, RLIN) | |
| Topical term or geographic name as entry element | LAW-CASE LAW |
| 942 ## - ADDED ENTRY ELEMENTS (KOHA) | |
| Suppress in OPAC | 0 |
| 948 ## - LOCAL PROCESSING INFORMATION (OCLC); SERIES PART DESIGNATOR (RLIN) | |
| c (OCLC) | 16/10/1997 |
| Withdrawn status | Lost status | Source of classification or shelving scheme | Damaged status | Not for loan | Home library | Current library | Shelving location | Date acquired | Total Checkouts | Full call number | Barcode | Date last seen | Copy number | Price effective from | Koha item type |
|---|---|---|---|---|---|---|---|---|---|---|---|---|---|---|---|
| Dewey Decimal Classification | London | London | Journal article | 14/09/1999 | ABS57786 | 81497-1001 | 06/08/2019 | 1 | 06/08/2019 | Law report |